000 00912nam a2200265Ia 4500
003 OSt
005 20220923210959.0
006 a|||||r|||| 00| 0
007 ta
008 220922b |||||||| |||| 00| 0 hin d
020 _a8170161258 (hbk)
_c70
024 _a235,175
037 _b430, 04/03/2008, University Book House
_cTextual
040 _aARTS
_cARTS
_bhin
041 _2hin
_ahin
082 _aO152,3NSH16,ME, N2
100 _aशास्त्री, शशिप्रभा
245 0 _aमीनारें
246 _aMīnārean
260 _aनयी दिल्ली
_b किताबघर
_c1992
300 _a178पृ.
_ccm.
650 _aहिन्दी साहित्य
_9156264
942 _hO152,3NSH16,ME, N2
_cTEXL
_2CC
999 _c293456
_d293456